| 000 | 00686cab a22001935a 4500 | ||
|---|---|---|---|
| 001 | L154899 | ||
| 008 | 310112s2012 xxk f s 000 0 eng d | ||
| 035 | _a(Sirsi) u154899 | ||
| 041 | 0 | _aeng | |
| 110 | 2 | _aBonningtons Aerial Surveys | |
| 245 | 0 | 0 | _aLiving the high life |
| 260 | _c2012 | ||
| 490 | 0 |
_aBuilding Engineer _v87(2) February 2012, 24-25(2) |
|
| 520 | _aDiscusses the practicalities and advantages of using a remote controlled aerial survey quadcopter fitted with live down link video or stills cameras thereby removing the need for hydraulic platforms and scaffold. | ||
| 590 | _aKA | ||
| 651 | 4 |
_aUnited Kingdom _y |
|
| 690 |
_aBuilding surveying _96225 |
||
| 942 | _n0 | ||
| 999 |
_c83743 _d83743 |
||